Para mi nene

Gespeichert in:
Bibliographische Detailangaben
1. Verfasser: Sin autor
Format: keine Angabe
Sprache:Spanisch
Erschienen: Barcelona Seither s.d.
Katalog:MANES:  Suchergebnis im Bibliothekskatalog
Schulbuchspezifische Eigenschaften:
Tags: Tag hinzufügen
Keine Tags, Fügen Sie den ersten Tag hinzu!
Hinzugefügt zu:26.04.2016

MARC

LEADER 000000000a22000000004500
001 16689
003 OSt
008 160427s sp ||||| |||| 00| 0 spa d
041 1 |a spa 
040 |c centro_manes 
691 7 |a IN 
100 1 |a Sin autor  |9 11659 
245 0 0 |a Para mi nene 
260 3 |a Barcelona  |b Seither  |c s.d. 
300 |a 18p.  |c 20 * 16 cm 
500 |a ILUSTRACIONES: Contiene dibujos en todas las páginas. ENCUADERNACIÓN: Cartoné. DESCRIPCIÓN CONTENIDO: Dibujos para los bebes. PALABRAS CLAVE: Bebe. NéMERO EJEMPLARES: 1. Nº TOPOGRÁFICO: 1163. CONSERVACIÓN: Mala. Desencuadernado. Faltan páginas. 
942 |2 ddc  |c BK 
546 |a España 
999 |c 22658  |d 22658 
999 |c manes:22658  |d 22658